| 000 -ლიდერი |
| ფიქსირებული სიგრძის საკონტროლო ველი |
00996nam a2200241Ia 4500 |
| 001 - საკონტროლო ნომერი |
| საკონტროლო ველი |
20487 |
| 003 - საკონტროლო ნომრის იდენტიფიკატორი |
| საკონტროლო ველი |
GE_BSU |
| 005 - ბოლო ოპერაციის თარიღი და დრო |
| საკონტროლო ველი |
20201227232810.0 |
| 008 - ფიქსირებული სიგრძის მონაცემთა ელემენტები - ზოგადი ინფორმაცია |
| ფიქსირებული სიგრძის საკონტროლო ველი |
181216s2002||||ge |||||||||||||| ||geo|| |
| 040 ## - კატალოგიზაციის წყარო |
| Transcribing agency |
GE_BSU |
| 041 ## - ენის კოდი |
| Language code of text/sound track or separate title |
geo |
| 080 ## - უნივერსალური ათობითი კლასიფიკაციის ინდექსი |
| Universal Decimal Classification number |
811.353.1-8(075.3) მ-40 |
| 100 ## - მთავარი ჩანაწერი - პიროვნების სახელი |
| Personal name |
მაღლაკელიძე, ნ. |
| 9 (RLIN) |
9952 |
| 245 ## - ცნობა სათაურის შესახებ |
| Title |
ჩვენი ენა ქართული IV კლასი / |
| Statement of responsibility, etc |
ნ. მაღლაკელიძე, ც. ყურაშვილი ; მხატვ. ნ. სულემენაშვილი. |
| 264 ## - წარმოების, გამოცემის, დისტრიბუციის და სხვა ცნობები |
| გამოცემის, წარმოების, დისტრიბუციის... ადგილი |
თბილისი : |
| გამოცემის, წარმოების, დისტრიბუციის... სახელწოდება |
ლეთა, |
| გამოცემის, წარმოების, დისტრიბუციის... თარიღი |
2002. |
| 300 ## - ფიზიკური აღწერა |
| Extent |
104 გვ. ; |
| Dimensions |
20 სმ. |
| 653 ## - INDEX TERM--UNCONTROLLED |
| Uncontrolled term |
ქართული ენა |
| 653 ## - INDEX TERM--UNCONTROLLED |
| Uncontrolled term |
ჩვენი ენა ქართული IV კლასი |
| 700 ## - ADDED ENTRY--PERSONAL NAME |
| Personal name |
ყურაშვილი, ც. |
| Relator term |
ატორი |
| 9 (RLIN) |
9953 |
| 700 ## - ADDED ENTRY--PERSONAL NAME |
| Personal name |
სულემენაშვილი, ნ. |
| Relator term |
მხატვარი |
| 9 (RLIN) |
9954 |
| 942 ## - ADDED ENTRY ELEMENTS (KOHA) |
| Koha item type |
წიგნი |
| Source of classification or shelving scheme |
|